000
00315nam a2200133Ia 4500
008
230917s9999||||xx |||||||||||||| ||und||
040
_e
132165
_a
MAIN
041
_a
English
082
_a
330.1543 K141M
100
_a
Kapoor
245
0
_a
Mathematics & statistics for economics
300
_a
220p p.
942
_c
BK
999
_c
126641
_d
126641